000 00950nam a2200325 a 4500
003 AR-BaBNM
005 20251128204040.0
008 082120s2002 ||||||||||||||000 | spa||
020 _a92-3-301445-2
040 _cAR-BaBNM
110 2 _aUNESCO
245 0 0 _aRaza y clase en la sociedad postcolonial
_bun estudio sobre las relaciones entre los grupos étnicos en el Caribe de lengua inglesa, Bolivia, Chile y México
260 _aParís
_bUnesco
_c1978
300 _a455 p.
_bdiagr., tablas
490 0 _aRaza y sociedad
504 _aContiene bibliografía al final de cada capítulo
650 4 _aANTROPOLOGIA CULTURAL Y SOCIAL
650 4 _aGRUPOS ETNICOS
650 4 _aETNOLOGIA
650 4 _aETNOGRAFIA
650 4 _aCULTURA
650 4 _aCOSTUMBRES Y TRADICIONES
651 4 _aMéxico
651 4 _aChile
651 4 _aCaribe
651 4 _aBolivia
700 1 _aRex, John
_eprologuista
942 _cBK
998 _csilvi
999 _c5957
_d5957